[Event "British Columbia op"]
[Site "Victoria CAN"]
[Date "2009.07.25"]
[Round "3"]
[White "Ozkan, Charlie"]
[Black "Hamm, Robert"]
[Result "1-0"]
[WhiteElo "1928"]
[BlackElo "1590"]
[PlyCount "93"]
[GameId "2160767910093528"]
[EventDate "2009.07.24"]
[EventType "swiss"]
[EventRounds "5"]
[EventCountry "CAN"]
[SourceTitle "EXT 2011"]
[Source "ChessBase"]
[SourceDate "2011.11.26"]
[SourceVersion "1"]
[SourceVersionDate "2011.11.26"]
[SourceQuality "1"]

1. d4 Nf6 2. g3 e6 3. Bg2 c5 4. Nf3 Be7 5. O-O O-O 6. dxc5 Bxc5 7. Nc3 d5 8. Bf4 a6 9. Qd3 Nc6 10. a3 Qe7 11. e4 Rd8 12. e5 Nh5 13. Bd2 g6 14. g4 Ng7 15. Bg5 Qd7 16. Bxd8 Qxd8 17. Qd2 Bd7 18. Qh6 Be7 19. Rfe1 Rc8 20. Rad1 Na5 21. Rb1 Rc4 22. h3 Rc7 23. Re2 Nc4 24. Nd1 Bc6 25. Qc1 d4 26. Qf4 d3 27. cxd3 Qxd3 28. Nc3 Ba4 29. Rbe1 Bb3 30. Ne4 Ne8 31. Nf6+ Nxf6 32. exf6 Bd6 33. Qh6 Bf8 34. Qh4 h6 35. Ne5 Nxe5 36. Rxe5 b5 37. R5e3 Qd2 38. Qg3 Bd6 39. Qh4 Bf8 40. R3e2 Qd4 41. Qg3 Bc4 42. Re4 Qd8 43. Qf4 g5 44. Rd4 Qc8 45. Qd2 Qb8 46. Rd8 Qa7 47. Rxf8+ 1-0

[Event "British Columbia op"]
[Site "Victoria CAN"]
[Date "2009.07.25"]
[Round "3"]
[White "Powell, Ashley"]
[Black "McCleary, Rick"]
[Result "1-0"]
[WhiteElo "1300"]
[BlackElo "1140"]
[PlyCount "93"]
[GameId "2160767910093529"]
[EventDate "2009.07.24"]
[EventType "swiss"]
[EventRounds "5"]
[EventCountry "CAN"]
[SourceTitle "EXT 2011"]
[Source "ChessBase"]
[SourceDate "2011.11.26"]
[SourceVersion "1"]
[SourceVersionDate "2011.11.26"]
[SourceQuality "1"]

1. e4 e6 2. d4 d5 3. Nc3 Bb4 4. Bd2 Bxc3 5. Bxc3 dxe4 6. Qg4 Nf6 7. Qxg7 Rg8 8. Qh6 b6 9. d5 Nbd7 10. Bb5 Ng4 11. Qxh7 Kf8 12. dxe6 Ndf6 13. Bxf6 Nxf6 14. Qh4 Bxe6 15. Bc6 e3 16. Qb4+ Qd6 17. Qxd6+ cxd6 18. Bxa8 Ng4 19. Nh3 d5 20. f3 Nf2 21. Nxf2 Rxg2 22. Rf1 d4 23. f4 Rxh2 24. Rd1 Bc4 25. Rxd4 Bxf1 26. Kxf1 Rxf2+ 27. Ke1 Rxc2 28. Rd8+ Ke7 29. Rd3 e2 30. Re3+ Kf6 31. Rxe2 Rxe2+ 32. Kxe2 Ke6 33. Ke3 Kd6 34. Kd4 a5 35. Bd5 f6 36. a4 f5 37. b3 Kc7 38. Ke5 b5 39. axb5 Kb6 40. Bc4 Kc5 41. Kxf5 Kb4 42. b6 a4 43. b7 a3 44. b8=Q+ Kc3 45. b4 Kb2 46. Qh8+ Kc2 47. Qa1 1-0

[Event "British Columbia op"]
[Site "Victoria CAN"]
[Date "2009.07.25"]
[Round "3"]
[White "Powell, Samantha"]
[Black "Reid, Richard"]
[Result "0-1"]
[WhiteElo "1604"]
[BlackElo "1873"]
[PlyCount "138"]
[GameId "2160767910093530"]
[EventDate "2009.07.24"]
[EventType "swiss"]
[EventRounds "5"]
[EventCountry "CAN"]
[SourceTitle "EXT 2011"]
[Source "ChessBase"]
[SourceDate "2011.11.26"]
[SourceVersion "1"]
[SourceVersionDate "2011.11.26"]
[SourceQuality "1"]

1. e4 c6 2. d4 d5 3. Nc3 dxe4 4. Nxe4 Nd7 5. Ng5 Ngf6 6. Bd3 e6 7. Ne2 h6 8. Nf3 Bd6 9. O-O Qc7 10. h3 b6 11. Re1 Bb7 12. Nc3 O-O 13. Ne4 Nxe4 14. Bxe4 Nf6 15. Bd3 c5 16. dxc5 Qxc5 17. Be3 Qc6 18. Qe2 Rad8 19. Rad1 Bc5 20. Bxc5 Qxc5 21. a3 Qh5 22. Nd2 Qxe2 23. Rxe2 Rd7 24. Rde1 Rfd8 25. Ne4 Nd5 26. g3 Ne7 27. Nc3 Nc6 28. Bb5 a6 29. Bxc6 Bxc6 30. b4 Rd4 31. h4 Bb7 32. Nb1 Rc8 33. c3 Rd3 34. Re3 Rcd8 35. a4 Rxe3 36. fxe3 Bc6 37. b5 axb5 38. axb5 Bxb5 39. Na3 Ba4 40. Nc4 b5 41. Nb2 Bb3 42. Kf2 Rc8 43. Rc1 h5 44. Ke2 Kf8 45. Kd2 Rd8+ 46. Ke1 Ke7 47. c4 bxc4 48. Nxc4 Rc8 49. Kd2 Bxc4 50. e4 Ba6 51. Rxc8 Bxc8 52. Ke3 Kf6 53. Kf4 e5+ 54. Ke3 g5 55. Kf2 gxh4 56. gxh4 Ke6 57. Ke3 f5 58. exf5+ Kxf5 59. Kf3 Bb7+ 60. Kg3 e4 61. Kh3 Kf4 62. Kg2 Ke3 63. Kf1 Kd2 64. Kf2 e3+ 65. Kg1 e2 66. Kh2 e1=Q 67. Kh3 Qe3+ 68. Kh2 Qf2+ 69. Kh3 Qg2# 0-1

[Event "British Columbia op"]
[Site "Victoria CAN"]
[Date "2009.07.25"]
[Round "3"]
[White "Shi, Diwen"]
[Black "Ho, Alec"]
[Result "0-1"]
[WhiteElo "1626"]
[BlackElo "1850"]
[PlyCount "32"]
[GameId "2160767910093531"]
[EventDate "2009.07.24"]
[EventType "swiss"]
[EventRounds "5"]
[EventCountry "CAN"]
[SourceTitle "EXT 2011"]
[Source "ChessBase"]
[SourceDate "2011.11.26"]
[SourceVersion "1"]
[SourceVersionDate "2011.11.26"]
[SourceQuality "1"]

1. c4 e5 2. Nc3 Nc6 3. g3 f5 4. Bg2 Nf6 5. d3 Bc5 6. Nf3 O-O 7. O-O d6 8. Bd2 Nh5 9. e4 f4 10. Kh1 g6 11. Nd5 Bg4 12. Qc2 Bxf3 13. Bxf3 Nd4 14. Qd1 Nxf3 15. Qxf3 fxg3 16. Qg2 Bxf2 0-1

[Event "British Columbia op"]
[Site "Victoria CAN"]
[Date "2009.07.25"]
[Round "3"]
[White "Tate, William"]
[Black "Setiadikurnia, Sloan"]
[Result "1-0"]
[WhiteElo "1784"]
[BlackElo "692"]
[PlyCount "95"]
[GameId "2160767910093532"]
[EventDate "2009.07.24"]
[EventType "swiss"]
[EventRounds "5"]
[EventCountry "CAN"]
[SourceTitle "EXT 2011"]
[Source "ChessBase"]
[SourceDate "2011.11.26"]
[SourceVersion "1"]
[SourceVersionDate "2011.11.26"]
[SourceQuality "1"]

1. e4 e6 2. d4 d5 3. Nc3 Bb4 4. e5 c5 5. a3 Bxc3+ 6. bxc3 cxd4 7. cxd4 Nc6 8. f4 Nge7 9. Nf3 O-O 10. Bd3 f6 11. O-O Qb6 12. Kh1 fxe5 13. fxe5 Bd7 14. c3 Nf5 15. Rb1 Qc7 16. Qe2 Na5 17. Bd2 Nc4 18. Bxc4 dxc4 19. Bg5 b5 20. g4 h6 21. gxf5 hxg5 22. Nxg5 Bc6+ 23. Kg1 Rxf5 24. Rxf5 exf5 25. Qh5 g6 26. Qxg6+ Qg7 27. Qxg7+ Kxg7 28. Rd1 Bd5 29. Kf2 Rh8 30. Kg3 Kg6 31. h4 a6 32. Rf1 Rf8 33. Nh3 Kh6 34. Ng5 Kg6 35. Kf4 Kh5 36. Kg3 Kg6 37. Rf2 Kh5 38. Kf4 Kg6 39. Rh2 Rh8 40. h5+ Rxh5 41. Rxh5 Kxh5 42. Kxf5 a5 43. e6 Bc6 44. e7 b4 45. cxb4 c3 46. Ne4 axb4 47. axb4 c2 48. Ng3+ 1-0

[Event "British Columbia op"]
[Site "Victoria CAN"]
[Date "2009.07.25"]
[Round "3"]
[White "Weller, Stephen"]
[Black "Parker, Brian"]
[Result "1-0"]
[WhiteElo "1250"]
[BlackElo "968"]
[PlyCount "49"]
[GameId "2160767910093535"]
[EventDate "2009.07.24"]
[EventType "swiss"]
[EventRounds "5"]
[EventCountry "CAN"]
[SourceTitle "EXT 2011"]
[Source "ChessBase"]
[SourceDate "2011.11.26"]
[SourceVersion "1"]
[SourceVersionDate "2011.11.26"]
[SourceQuality "1"]

1. Nf3 Nf6 2. c4 Nc6 3. d4 e5 4. d5 Bb4+ 5. Bd2 Bxd2+ 6. Nbxd2 Nd4 7. Nxe5 O-O 8. h3 c6 9. Ng4 Nxg4 10. hxg4 g6 11. e3 Re8 12. Bd3 Qa5 13. O-O cxd5 14. exd4 dxc4 15. Bxc4 b6 16. Re1 Rxe1+ 17. Qxe1 Bb7 18. Qe7 Bd5 19. Nb3 Qa4 20. Bxd5 Kg7 21. g5 Rf8 22. a3 Qb5 23. Qe5+ Kg8 24. Bxf7+ Rxf7 25. Qxb5 1-0

[Event "British Columbia op"]
[Site "Victoria CAN"]
[Date "2009.07.25"]
[Round "4"]
[White "Aquino, Manfrei"]
[Black "Chen, Howard"]
[Result "0-1"]
[WhiteElo "1928"]
[BlackElo "2192"]
[PlyCount "68"]
[GameId "2160767910093537"]
[EventDate "2009.07.24"]
[EventType "swiss"]
[EventRounds "5"]
[EventCountry "CAN"]
[SourceTitle "EXT 2011"]
[Source "ChessBase"]
[SourceDate "2011.11.26"]
[SourceVersion "1"]
[SourceVersionDate "2011.11.26"]
[SourceQuality "1"]

1. d4 d5 2. c4 e6 3. Nc3 c6 4. cxd5 exd5 5. Nf3 Bf5 6. Bg5 Be7 7. Bxe7 Qxe7 8. e3 Nf6 9. Bd3 Bxd3 10. Qxd3 Nbd7 11. O-O O-O 12. Rab1 Ne4 13. b4 b5 14. Rfc1 Nd6 15. Re1 f5 16. Nd2 Rae8 17. f3 Nf6 18. Re2 Qf7 19. Rbe1 Re7 20. Nb3 Qg6 21. Nc5 Rfe8 22. Nd1 Nh5 23. Nf2 Nc4 24. Nh3 Nd6 25. Nf4 Qh6 26. Nxh5 Qxh5 27. h3 Qh4 28. Qc3 Nc4 29. Qd3 Qg3 30. Kf1 g6 31. Qb3 Rxe3 32. Qd1 Qh2 33. Kf2 f4 34. Nd7 Rxf3+ 0-1

[Event "British Columbia op"]
[Site "Victoria CAN"]
[Date "2009.07.25"]
[Round "4"]
[White "Cao, Jason"]
[Black "Shi, Diwen"]
[Result "1-0"]
[WhiteElo "1032"]
[BlackElo "1626"]
[PlyCount "97"]
[GameId "2160767910093538"]
[EventDate "2009.07.24"]
[EventType "swiss"]
[EventRounds "5"]
[EventCountry "CAN"]
[SourceTitle "EXT 2011"]
[Source "ChessBase"]
[SourceDate "2011.11.26"]
[SourceVersion "1"]
[SourceVersionDate "2011.11.26"]
[SourceQuality "1"]

1. d4 d5 2. c4 e6 3. Nc3 Nf6 4. Bg5 Be7 5. e3 O-O 6. Nf3 Nbd7 7. Bd3 h6 8. Bxf6 Nxf6 9. O-O dxc4 10. Bxc4 b6 11. Bd3 Bb7 12. Nd2 c5 13. Nc4 cxd4 14. exd4 Kh8 15. Bc2 Ba6 16. b3 Rc8 17. Qd3 Qc7 18. Ne2 Bxc4 19. bxc4 Qxc4 20. Qxc4 Rxc4 21. Bb3 Rc7 22. Rfc1 Rfc8 23. f3 Ba3 24. Rxc7 Rxc7 25. Kf2 Bb2 26. Rd1 Ba3 27. Ke3 Kh7 28. Rd3 Bd6 29. h3 g5 30. Rc3 Rxc3+ 31. Nxc3 Nh5 32. Nb5 Bb8 33. d5 exd5 34. Bxd5 f6 35. Be4+ Kg7 36. Nd4 Ng3 37. Kd3 a5 38. Kc4 Kf7 39. Kd5 Be5 40. Nc6 Bc7 41. Na7 f5 42. Bd3 f4 43. Kc6 Bd8 44. Nc8 Nh5 45. Nxb6 Nf6 46. Kb5 Bxb6 47. Kxb6 a4 48. Kb5 Nd5 49. Bc4 1-0

[Event "British Columbia op"]
[Site "Victoria CAN"]
[Date "2009.07.25"]
[Round "4"]
[White "Doknjas, John"]
[Black "Ozkan, Charlie"]
[Result "0-1"]
[WhiteElo "1796"]
[BlackElo "1928"]
[PlyCount "74"]
[GameId "2160767910093539"]
[EventDate "2009.07.24"]
[EventType "swiss"]
[EventRounds "5"]
[EventCountry "CAN"]
[SourceTitle "EXT 2011"]
[Source "ChessBase"]
[SourceDate "2011.11.26"]
[SourceVersion "1"]
[SourceVersionDate "2011.11.26"]
[SourceQuality "1"]

1. d4 f5 2. c4 Nf6 3. Nc3 e6 4. Nf3 Be7 5. e3 O-O 6. Bd3 d6 7. O-O b6 8. Qc2 Bb7 9. e4 Qe8 10. Ng5 Bd8 11. exf5 exf5 12. Bxf5 Qh5 13. Qe2 Qxe2 14. Nxe2 Re8 15. Ng3 g6 16. Bd3 Nc6 17. Nf3 Nb4 18. Rd1 Bxf3 19. gxf3 Nxd3 20. Rxd3 Re1+ 21. Kg2 d5 22. b3 h5 23. Bb2 Rxa1 24. Bxa1 h4 25. Ne2 c6 26. Nc3 Bc7 27. cxd5 cxd5 28. Nb5 Bf4 29. Bc3 a6 30. Na3 Re8 31. Bd2 Nh5 32. Kg1 Re2 33. Nb1 Bxd2 34. Nxd2 Nf4 35. Re3 Rxd2 36. Re1 Rxa2 37. Rb1 Ne2+ 0-1

[Event "British Columbia op"]
[Site "Victoria CAN"]
[Date "2009.07.25"]
[Round "4"]
[White "Gaciu, Vlad"]
[Black "Findlay, Dave"]
[Result "1-0"]
[WhiteElo "1968"]
[BlackElo "1758"]
[PlyCount "83"]
[GameId "2160767910093540"]
[EventDate "2009.07.24"]
[EventType "swiss"]
[EventRounds "5"]
[EventCountry "CAN"]
[SourceTitle "EXT 2011"]
[Source "ChessBase"]
[SourceDate "2011.11.26"]
[SourceVersion "1"]
[SourceVersionDate "2011.11.26"]
[SourceQuality "1"]

1. e4 e5 2. Nf3 Nc6 3. d4 exd4 4. Nxd4 Bc5 5. Nxc6 bxc6 6. Bd3 Nf6 7. Bg5 d6 8. O-O O-O 9. Qf3 Bd4 10. c3 Be5 11. Qe2 h6 12. Bd2 Bg4 13. f3 Bh5 14. g4 Bg6 15. f4 Re8 16. fxe5 Rxe5 17. Bf4 Re6 18. Nd2 d5 19. Rad1 Qe7 20. Qg2 Re8 21. g5 hxg5 22. Bxg5 Qc5+ 23. Qf2 Qxf2+ 24. Rxf2 Nxe4 25. Nxe4 Bxe4 26. Bxe4 Rxe4 27. Rdf1 Rg4+ 28. Rg2 Rxg2+ 29. Kxg2 f6 30. Bf4 Re7 31. Kf2 Kf7 32. Re1 Rxe1 33. Kxe1 g5 34. Bxc7 f5 35. Kf2 Ke6 36. Kg3 c5 37. Bd8 g4 38. Kf4 d4 39. cxd4 cxd4 40. Ba5 d3 41. Bd2 a6 42. b4 1-0

[Event "British Columbia op"]
[Site "Victoria CAN"]
[Date "2009.07.25"]
[Round "4"]
[White "Hamm, Robert"]
[Black "Milonas, Nikolas"]
[Result "1-0"]
[WhiteElo "1590"]
[BlackElo "1290"]
[PlyCount "57"]
[GameId "2160767910093541"]
[EventDate "2009.07.24"]
[EventType "swiss"]
[EventRounds "5"]
[EventCountry "CAN"]
[SourceTitle "EXT 2011"]
[Source "ChessBase"]
[SourceDate "2011.11.26"]
[SourceVersion "1"]
[SourceVersionDate "2011.11.26"]
[SourceQuality "1"]

1. d4 d5 2. c4 e6 3. Nc3 Nf6 4. Bg5 Be7 5. Nf3 c5 6. e3 Nc6 7. Bd3 O-O 8. O-O a6 9. Qe2 Qc7 10. Rac1 b6 11. Bxf6 Bxf6 12. cxd5 Nb4 13. dxe6 Nxd3 14. Qxd3 Bxe6 15. d5 Rfd8 16. e4 h6 17. Qe3 Bd4 18. Nxd4 cxd4 19. Qxd4 Rac8 20. Ne2 Qb7 21. Rxc8 Bxc8 22. Rc1 Rd6 23. Qe5 Qd7 24. Nd4 Rg6 25. Nf5 Kf8 26. Rc7 f6 27. Qc3 Qd8 28. Rxc8 Ke8 29. Qc6+ 1-0

[Event "British Columbia op"]
[Site "Victoria CAN"]
[Date "2009.07.25"]
[Round "4"]
[White "Ho, Alec"]
[Black "Huang, Richard"]
[Result "0-1"]
[WhiteElo "1850"]
[BlackElo "1952"]
[PlyCount "166"]
[GameId "2160767910093543"]
[EventDate "2009.07.24"]
[EventType "swiss"]
[EventRounds "5"]
[EventCountry "CAN"]
[SourceTitle "EXT 2011"]
[Source "ChessBase"]
[SourceDate "2011.11.26"]
[SourceVersion "1"]
[SourceVersionDate "2011.11.26"]
[SourceQuality "1"]

1. d4 d5 2. c4 e6 3. Nc3 Nf6 4. Bg5 Nbd7 5. e3 c6 6. Nf3 Qa5 7. Bd3 Ne4 8. Bxe4 dxe4 9. Ne5 Bb4 10. O-O Bxc3 11. bxc3 O-O 12. Be7 Re8 13. Bb4 Qc7 14. Nxd7 Bxd7 15. Qh5 e5 16. f3 exd4 17. cxd4 f5 18. Be1 Be6 19. Rc1 g6 20. Qg5 Qf7 21. c5 Bxa2 22. Bg3 exf3 23. gxf3 Qe7 24. Qxe7 Rxe7 25. Be5 Bd5 26. Kf2 b5 27. Ra1 a5 28. Rfb1 Rb7 29. Rb4 Raa7 30. Rb2 a4 31. Rb4 a3 32. Ke2 a2 33. Bg3 Ra3 34. Be1 Re7 35. Bd2 Kg7 36. Kf2 Rd3 37. Rb2 Bc4 38. f4 Kf6 39. h4 Bd5 40. Rg1 Ra3 41. Ra1 Rd3 42. Rg1 Ra3 43. Ra1 Re4 44. Bc1 Ra4 45. Rd2 b4 46. Bb2 Ra8 47. Rg1 h6 48. Rdd1 Rg8 49. Rg3 Ree8 50. Rgg1 g5 51. hxg5+ hxg5 52. fxg5+ Kg6 53. Rge1 Rh8 54. Kg3 Rh5 55. e4 Rxg5+ 56. Kf2 fxe4 57. Rg1 e3+ 58. Ke2 Bc4+ 59. Kf3 e2 60. Rxg5+ Kxg5 61. Rg1+ Kf5 62. Re1 Re4 63. Ba1 Rf4+ 64. Ke3 Rh4 65. Kd2 Rh3 66. Kc1 Ke4 67. Kd2 Kf3 68. d5 Kf2 69. Bd4+ Kf3 70. d6 Rh5 71. Kc2 Rd5 72. Bf6 a1=Q 73. Rxa1 Rd1 74. d7 e1=Q 75. Rxd1 Bb3+ 76. Kxb3 Qxd1+ 77. Kxb4 Qxd7 78. Bc3 Qb7+ 79. Kc4 Ke4 80. Bb4 Qb5+ 81. Kc3 Qd3+ 82. Kb2 Qc4 83. Ba3 Kd3 0-1

[Event "British Columbia op"]
[Site "Victoria CAN"]
[Date "2009.07.25"]
[Round "4"]
[White "Lamothe, Zachari"]
[Black "Powell, Samantha"]
[Result "0-1"]
[WhiteElo "840"]
[BlackElo "1604"]
[PlyCount "76"]
[GameId "2160767910093545"]
[EventDate "2009.07.24"]
[EventType "swiss"]
[EventRounds "5"]
[EventCountry "CAN"]
[SourceTitle "EXT 2011"]
[Source "ChessBase"]
[SourceDate "2011.11.26"]
[SourceVersion "1"]
[SourceVersionDate "2011.11.26"]
[SourceQuality "1"]

1. Nf3 Nf6 2. d4 g6 3. e3 Bg7 4. Bb5 O-O 5. O-O d6 6. d5 e6 7. dxe6 Bxe6 8. Nd4 Ne4 9. f3 Nc5 10. b4 Ncd7 11. Bxd7 Bxd7 12. b5 Bxb5 13. Nxb5 Bxa1 14. Bd2 a6 15. N5a3 Bg7 16. Bc3 Bxc3 17. Nxc3 Re8 18. Nd5 c6 19. Nf4 Qe7 20. Nc4 d5 21. Nd2 Qxe3+ 22. Rf2 Qxf4 23. g3 Qf6 24. Re2 Nd7 25. Rg2 Nc5 26. Re2 b5 27. Qe1 Re6 28. Kg2 Rae8 29. Qd1 Rxe2+ 30. Kg1 Re1+ 31. Qxe1 Rxe1+ 32. Nf1 Qa1 33. Kg2 Rxf1 34. f4 Rg1+ 35. Kh3 Qf1+ 36. Kg4 h5+ 37. Kg5 Kg7 38. g4 Rxg4# 0-1

[Event "British Columbia op"]
[Site "Victoria CAN"]
[Date "2009.07.25"]
[Round "4"]
[White "Parker, Brian"]
[Black "Edgar, Garth"]
[Result "1/2-1/2"]
[WhiteElo "968"]
[BlackElo "1130"]
[PlyCount "101"]
[GameId "2160767910093546"]
[EventDate "2009.07.24"]
[EventType "swiss"]
[EventRounds "5"]
[EventCountry "CAN"]
[SourceTitle "EXT 2011"]
[Source "ChessBase"]
[SourceDate "2011.11.26"]
[SourceVersion "1"]
[SourceVersionDate "2011.11.26"]
[SourceQuality "1"]

1. Nf3 d5 2. d4 Bf5 3. e3 e6 4. Bb5+ c6 5. Ba4 b5 6. Bb3 a5 7. a4 Nd7 8. O-O Ngf6 9. Nc3 b4 10. Ne2 Bd6 11. h3 Be4 12. c3 Bxf3 13. gxf3 Qc7 14. f4 O-O 15. cxb4 axb4 16. Qd3 c5 17. dxc5 Nxc5 18. Qc2 Rfc8 19. Bd2 Qb7 20. Nd4 e5 21. fxe5 Bxe5 22. f4 Bxd4 23. exd4 Nce4 24. Qd3 Qa6 25. Qxa6 Rxa6 26. Bxb4 Rb6 27. Rfc1 Rxc1+ 28. Rxc1 h6 29. Bxd5 Nxd5 30. Ba3 Nxf4 31. a5 Ra6 32. Rc8+ Kh7 33. Re8 Nxh3+ 34. Kh2 Nef2 35. b4 Nf4 36. Bc1 N4d3 37. Bd2 Rd6 38. Re2 Rxd4 39. b5 Rh4+ 40. Kg1 Rh1+ 41. Kg2 Rh5 42. b6 Rb5 43. Re7 f6 44. b7 Rb2 45. Bc3 Nf4+ 46. Kf3 N2d3 47. a6 Rf2+ 48. Ke3 Re2+ 49. Kf3 Rf2+ 50. Ke3 Re2+ 51. Kf3 1/2-1/2

[Event "British Columbia op"]
[Site "Victoria CAN"]
[Date "2009.07.25"]
[Round "4"]
[White "Parker, Dylan"]
[Black "Weller, Stephen"]
[Result "1-0"]
[WhiteElo "1574"]
[BlackElo "1250"]
[PlyCount "113"]
[GameId "2160767910093547"]
[EventDate "2009.07.24"]
[EventType "swiss"]
[EventRounds "5"]
[EventCountry "CAN"]
[SourceTitle "EXT 2011"]
[Source "ChessBase"]
[SourceDate "2011.11.26"]
[SourceVersion "1"]
[SourceVersionDate "2011.11.26"]
[SourceQuality "1"]

1. e4 e6 2. d4 d5 3. e5 c5 4. c3 Qb6 5. Nf3 Nc6 6. a3 c4 7. Be2 f6 8. exf6 gxf6 9. Qc2 Na5 10. Nbd2 Nb3 11. Nxb3 cxb3 12. Qd1 Bd7 13. Nd2 Bh6 14. Bh5+ Kd8 15. O-O Bb5 16. Re1 Ba4 17. Qe2 Bd7 18. Bg4 Ke7 19. Qd1 Kd8 20. Qxb3 Qxb3 21. Nxb3 f5 22. Bh5 Bxc1 23. Raxc1 Nf6 24. Bf3 b6 25. c4 Ba4 26. Nd2 Ne4 27. Nxe4 fxe4 28. Bg4 Bd7 29. cxd5 exd5 30. Bxd7 Kxd7 31. f3 Rhe8 32. fxe4 dxe4 33. Rc2 Kd6 34. Rce2 Kd5 35. Rd1 Rac8 36. Kf2 Rc4 37. Ke3 Rec8 38. Rdd2 b5 39. Rf2 R8c7 40. Rf5+ Kd6 41. Kxe4 Rg7 42. Rxb5 Rg4+ 43. Ke3 Kc6 44. Rh5 Rg7 45. d5+ Kd7 46. Re5 Rcg4 47. Kf3 R4g6 48. b4 Rf7+ 49. Ke3 Rfg7 50. g3 Kd6 51. Re4 Rc7 52. Kd4 h5 53. Rde2 Rg4 54. Rxg4 hxg4 55. Re6+ Kd7 56. Rc6 Rb7 57. Rg6 1-0

[Event "British Columbia op"]
[Site "Victoria CAN"]
[Date "2009.07.25"]
[Round "4"]
[White "Paulson, Stewart"]
[Black "Lee, Andrew Quinton"]
[Result "1-0"]
[WhiteElo "1510"]
[BlackElo "1675"]
[PlyCount "63"]
[GameId "2160767910093548"]
[EventDate "2009.07.24"]
[EventType "swiss"]
[EventRounds "5"]
[EventCountry "CAN"]
[SourceTitle "EXT 2011"]
[Source "ChessBase"]
[SourceDate "2011.11.26"]
[SourceVersion "1"]
[SourceVersionDate "2011.11.26"]
[SourceQuality "1"]

1. d4 Nf6 2. Nf3 d5 3. c3 e6 4. Bg5 Be7 5. e3 Nbd7 6. Bd3 O-O 7. Nbd2 b6 8. Ne5 Nxe5 9. dxe5 Nd7 10. Bf4 Bb7 11. h4 Re8 12. Nf3 Nf8 13. Ng5 c5 14. Bb5 Nd7 15. Qh5 Bxg5 16. hxg5 Nf8 17. Bxe8 Qxe8 18. Qe2 Qa4 19. b3 Qa3 20. O-O d4 21. c4 Rd8 22. exd4 Rxd4 23. Bc1 Qa5 24. f3 Ng6 25. Rd1 Rxd1+ 26. Qxd1 Qc3 27. Bd2 Qd4+ 28. Kf1 Nxe5 29. Bc3 Qxd1+ 30. Rxd1 Kf8 31. Bxe5 Ke7 32. Bxg7 1-0

[Event "British Columbia op"]
[Site "Victoria CAN"]
[Date "2009.07.25"]
[Round "4"]
[White "Raymer, Elliot"]
[Black "Powell, Ashley"]
[Result "1-0"]
[WhiteElo "1776"]
[BlackElo "1300"]
[PlyCount "53"]
[GameId "2160767910093549"]
[EventDate "2009.07.24"]
[EventType "swiss"]
[EventRounds "5"]
[EventCountry "CAN"]
[SourceTitle "EXT 2011"]
[Source "ChessBase"]
[SourceDate "2011.11.26"]
[SourceVersion "1"]
[SourceVersionDate "2011.11.26"]
[SourceQuality "1"]

1. e4 e5 2. Nf3 Nc6 3. Bc4 Nf6 4. d3 d5 5. exd5 Nxd5 6. h3 Bc5 7. O-O O-O 8. Re1 Re8 9. d4 exd4 10. Rxe8+ Qxe8 11. Bxd5 Be6 12. Bxe6 Qxe6 13. Bf4 Bb6 14. Nbd2 Rd8 15. Nb3 Qf6 16. Bg5 Qd6 17. Bxd8 Qxd8 18. Qd2 h6 19. Rd1 Qf6 20. Nbxd4 Nxd4 21. Nxd4 Bxd4 22. Qxd4 Qxd4 23. Rxd4 Kf8 24. Rd7 Ke8 25. Rxc7 b5 26. Rxa7 g5 27. Rc7 1-0

[Event "British Columbia op"]
[Site "Victoria CAN"]
[Date "2009.07.25"]
[Round "4"]
[White "Reid, Richard"]
[Black "Milne, Arthur"]
[Result "1/2-1/2"]
[WhiteElo "1873"]
[BlackElo "1852"]
[PlyCount "90"]
[GameId "2160767910093550"]
[EventDate "2009.07.24"]
[EventType "swiss"]
[EventRounds "5"]
[EventCountry "CAN"]
[SourceTitle "EXT 2011"]
[Source "ChessBase"]
[SourceDate "2011.11.26"]
[SourceVersion "1"]
[SourceVersionDate "2011.11.26"]
[SourceQuality "1"]

1. d4 d6 2. c4 e5 3. dxe5 dxe5 4. Qxd8+ Kxd8 5. e4 c6 6. Nf3 f6 7. Be3 Be6 8. Nbd2 Nd7 9. O-O-O Kc7 10. Be2 Bc5 11. Bxc5 Nxc5 12. b4 Nd7 13. Nb3 Ne7 14. Rd2 Rad8 15. Kc2 Ng6 16. g3 Nb6 17. c5 Rxd2+ 18. Nfxd2 Nc8 19. Bc4 Bxc4 20. Nxc4 Rd8 21. Ne3 Nf8 22. Rd1 Rxd1 23. Kxd1 Ne6 24. Ke2 b6 25. h4 Ne7 26. Kd3 Ng6 27. Nf5 Ngf8 28. Kc4 Nd7 29. a4 g6 30. Ne3 h5 31. a5 bxa5 32. Nxa5 Nd4 33. Kd3 Nf8 34. f4 exf4 35. gxf4 Nb5 36. Ng2 Ne6 37. e5 fxe5 38. fxe5 Kd7 39. Ke4 Nbc7 40. Ne1 Nd5 41. Nd3 Ng7 42. Nf4 Nxf4 43. Kxf4 Ne6+ 44. Kg3 Nc7 45. Kf4 Ne6+ 1/2-1/2

[Event "British Columbia op"]
[Site "Victoria CAN"]
[Date "2009.07.25"]
[Round "4"]
[White "Roback, Joe"]
[Black "Ho, Daniel"]
[Result "0-1"]
[WhiteElo "1685"]
[BlackElo "1900"]
[PlyCount "78"]
[GameId "2160767910093551"]
[EventDate "2009.07.24"]
[EventType "swiss"]
[EventRounds "5"]
[EventCountry "CAN"]
[SourceTitle "EXT 2011"]
[Source "ChessBase"]
[SourceDate "2011.11.26"]
[SourceVersion "1"]
[SourceVersionDate "2011.11.26"]
[SourceQuality "1"]

1. e4 e5 2. Nf3 Nc6 3. d4 exd4 4. Nxd4 Bc5 5. Be3 Qf6 6. c3 Nge7 7. Bc4 Ne5 8. Bd3 d6 9. O-O Qg6 10. f4 Bh3 11. Qe2 Nxd3 12. f5 Qg4 13. Rf3 Bxg2 14. Rg3 Qxe2 15. Nxe2 Bxe4 16. Bxc5 Nxc5 17. Nd2 Bxf5 18. Nd4 O-O-O 19. Re1 Be6 20. b4 Nd7 21. a4 Nf5 22. Rd3 Ne5 23. Rg3 Nxg3 24. hxg3 h5 25. b5 h4 26. a5 hxg3 27. a6 b6 28. Nf1 Bd5 29. Nxg3 Rh3 30. Ngf5 Rh1+ 31. Kf2 Nd3+ 32. Ke2 Rxe1+ 33. Kxd3 g6 34. Ne3 Be4+ 35. Kxe4 Re8+ 36. Kd5 Re5+ 37. Kc4 R1xe3 38. Nc6 Rc5+ 39. Kd4 Rxc6 0-1

[Event "British Columbia op"]
[Site "Victoria CAN"]
[Date "2009.07.25"]
[Round "4"]
[White "Setiadikurnia, Sloan"]
[Black "McCleary, Rick"]
[Result "1-0"]
[WhiteElo "692"]
[BlackElo "1140"]
[PlyCount "47"]
[GameId "2160767910093552"]
[EventDate "2009.07.24"]
[EventType "swiss"]
[EventRounds "5"]
[EventCountry "CAN"]
[SourceTitle "EXT 2011"]
[Source "ChessBase"]
[SourceDate "2011.11.26"]
[SourceVersion "1"]
[SourceVersionDate "2011.11.26"]
[SourceQuality "1"]

1. e4 e6 2. d4 d5 3. Nc3 Bb4 4. a3 Bxc3+ 5. bxc3 Ne7 6. e5 Nf5 7. Bd3 c5 8. Nf3 Nc6 9. Bxf5 exf5 10. O-O c4 11. Rb1 O-O 12. Bg5 Qa5 13. Qd2 Bd7 14. Rxb7 Bc8 15. Rbb1 h6 16. Bxh6 gxh6 17. Qxh6 f6 18. Qg6+ Kh8 19. exf6 Rxf6 20. Qxf6+ Kg8 21. Qxc6 Bb7 22. Rxb7 Qd8 23. Qg6+ Kf8 24. Qf7# 1-0